| 000 | 00821nam a2200241 a 4500 | ||
|---|---|---|---|
| 003 | AR-BaBNM | ||
| 005 | 20251128204026.0 | ||
| 008 | 082120s2002 ||||||||||||||000 | spa|| | ||
| 040 | _cAR-BaBNM | ||
| 110 | 2 |
_aNaciones Unidas _9ONU |
|
| 245 | 0 | 0 | _aEducación política de la mujer |
| 260 |
_aNew York _bDepartamento de Asuntos Sociales _c1951 |
||
| 300 | _a48 p. | ||
| 500 | _aEste folleto ha sido editado a pedido de la Comisión de la condición jurídica y social de la mujer, y autorizado por el Consejo Económico y Social de las Naciones Unidas | ||
| 500 | _aContiene referencias bibliográficas en notas a pie de página | ||
| 650 | 4 | _aMUJERES | |
| 650 | 4 | _aVIDA POLITICA | |
| 650 | 4 | _aDERECHOS DE LA MUJER | |
| 650 | 4 | _aEDUCACION DE LA MUJER | |
| 650 | 4 | _aLEGISLACION | |
| 942 | _cBK | ||
| 998 | _cSILVI | ||
| 999 |
_c5843 _d5843 |
||